The company one keeps (Record no. 75485)

MARC details
000 -LEADER
fixed length control field 01182cab a2200205 4500
001 - CONTROL NUMBER
control field L130173
008 - FIXED-LENGTH DATA ELEMENTS--GENERAL INFORMATION
fixed length control field 050630n2005 000 0 eng u
035 ## - SYSTEM CONTROL NUMBER
System control number (Sirsi) u130173
041 ## - LANGUAGE CODE
Language code of text/sound track or separate title eng
100 ## - MAIN ENTRY--PERSONAL NAME
Personal name Murdoch, John
245 #4 - TITLE STATEMENT
Title The company one keeps
260 ## - PUBLICATION, DISTRIBUTION, ETC.
Date of publication, distribution, etc. 2005
490 ## - SERIES STATEMENT
Series statement Estates Gazette
Volume/sequential designation (0524) 18 June 2005, 177(1)
520 ## - SUMMARY, ETC.
Summary, etc. Considers the implications of the county court case, "Christie Owen and Davies plc v Ryelance" ([2005] 18 EG 148 (CS)), concerning the marketing of a care home. The case raised two points of general interest: firstly, the meaning of sole selling rights within the statutory definition contained in the Estate Agents (Provision of Information) Regulations 1991, in particular clause 5(b) and the meaning of an agent's introduction in this context and secondly, that commission may be payable despite the purchaser using an alternative vehicle for purchasing the property.
590 ## - LOCAL NOTE (RLIN)
Local note IKA040705
650 ## - SUBJECT ADDED ENTRY--TOPICAL TERM
Topical term or geographic name entry element CHRISTIE OWEN AND DAVIES PLC V RYELANCE
650 ## - SUBJECT ADDED ENTRY--TOPICAL TERM
Topical term or geographic name entry element ESTATE AGENTS PROVISION OF INFORMATION REGULATIONS 1991
690 ## - LOCAL SUBJECT ADDED ENTRY--TOPICAL TERM (OCLC, RLIN)
Topical term or geographic name as entry element PROPERTY-COMMERCIAL PROPERTY-ACQUISITION AND DISPOSAL OF COMMERCIAL PROPERTY
942 ## - ADDED ENTRY ELEMENTS (KOHA)
Suppress in OPAC 0
Holdings
Withdrawn status Lost status Source of classification or shelving scheme Damaged status Not for loan Home library Current library Shelving location Date acquired Total Checkouts Full call number Barcode Date last seen Copy number Price effective from Koha item type
    Dewey Decimal Classification     London London Journal article 30/06/2005   L130173 130173-1001 06/08/2019 1 06/08/2019 Journal article